| 000 | 00650nam a2200229 a 4500 | ||
|---|---|---|---|
| 001 | 19243 | ||
| 003 | BD-RjUL | ||
| 005 | 20211209000414.0 | ||
| 008 | 880808r19511939nyu 000 0 eng d | ||
| 035 | _aoxf98516173 | ||
| 035 |
_a(OCoLC)716691 _a(BD-RjUL)19301 |
||
| 040 |
_aMAL _dBD-RjUL _dm/c _beng _cBD-RjUL |
||
| 041 | _aeng | ||
| 082 |
_a822.33 _bMID 1951 |
||
| 245 | 1 | 2 |
_aA midsummer night's dream / _cby William Shakespeare ; edited by F.C.Horwood |
| 260 |
_aOxford : _bClarendon Press, _c1951. |
||
| 300 |
_a192 p. ; _c22 cm |
||
| 650 |
_aDRAMA _959202 |
||
| 700 | 1 |
_aF.C.Horwood _959203 |
|
| 942 |
_2ddc _cBK |
||
| 999 |
_c19243 _d19243 |
||